| 000 | 00512nam a22001937a 4500 | ||
|---|---|---|---|
| 005 | 20251108173104.0 | ||
| 008 | 250721s2002 xx 000 0 ara d | ||
| 082 | 1 | 4 | _a953/دوغ |
| 100 | 1 |
_aدوغان، قوتلاي _eed. |
|
| 245 | 1 | 0 | _aتركيا / |
| 264 | 1 |
_aانقرة : _c2002. |
|
| 300 | _a492ص | ||
| 650 | 1 | 7 | _aتاريخ تركيا |
| 650 | 1 | 7 | _aالمناطق السياحية |
| 650 | 1 | 7 | _aالدستور |
| 700 | 1 |
_aتوركجان، فاتح _etran. |
|
| 942 |
_2ddc _cBK |
||
| 999 |
_c95784 _d95784 |
||